Motivating Tram Chim high school students to read extensively by using rewards : Luận văn thạc sĩ Giáo dục học. Chuyên ngành: Lí luận và phương pháp giảng dạy tiếng Anh
Nội dung nghiên cứu phương pháp giảng dạy tiếng Anh, khảo sát mối quan hệ giữa việc dùng phần thưởng khuyến khích của giáo viên với động cơ học đọc hiểu của học sinh tại trường trung học phổ thông Tràm Chim....
Tallennettuna:
| Päätekijä: | |
|---|---|
| Aineistotyyppi: | Kirja |
| Kieli: | Undetermined |
| Julkaistu: |
Cần Thơ
Trường Đại học Cần Thơ
2007
|
| Aiheet: | |
| Tagit: |
Lisää tagi
Ei tageja, Lisää ensimmäinen tagi!
|
| Thư viện lưu trữ: | Trung tâm Học liệu Trường Đại học Cần Thơ |
|---|
| LEADER | 01185nam a2200229Ia 4500 | ||
|---|---|---|---|
| 001 | CTU_135935 | ||
| 008 | 210402s9999 xx 000 0 und d | ||
| 082 | |a 420.7 | ||
| 082 | |b O.408 | ||
| 088 | |a 60140111 | ||
| 100 | |a Lê, Hoàng Oanh | ||
| 245 | 0 | |a Motivating Tram Chim high school students to read extensively by using rewards : | |
| 245 | 0 | |b Luận văn thạc sĩ Giáo dục học. Chuyên ngành: Lí luận và phương pháp giảng dạy tiếng Anh | |
| 245 | 0 | |c Lê Hoàng Oanh ; Lê Thị Thanh (Giáo viên hướng dẫn) | |
| 260 | |a Cần Thơ | ||
| 260 | |b Trường Đại học Cần Thơ | ||
| 260 | |c 2007 | ||
| 520 | |a Nội dung nghiên cứu phương pháp giảng dạy tiếng Anh, khảo sát mối quan hệ giữa việc dùng phần thưởng khuyến khích của giáo viên với động cơ học đọc hiểu của học sinh tại trường trung học phổ thông Tràm Chim. | ||
| 650 | |a English language,Anh ngữ | ||
| 650 | |x Study and teaching,Dạy và học | ||
| 904 | |i Tuyến | ||
| 980 | |a Trung tâm Học liệu Trường Đại học Cần Thơ | ||